000 00283nam a22001337a 4500
008 180914b xxu||||| |||| 00| 0 eng d
020 _a3540073582
041 _aeng
080 _a616
100 _a9
101 _aPAT
245 _aPlant Pathogenesis
_cHarry.W
942 _2udc
_cBK
999 _c47750
_d47750